Countries by Last Letter - Statistics

General Stats
  • This quiz has been taken 46,386 times
  • The average score is 12 of 18
Answer Stats
Hint # Answer % Correct
A 73 Albania | Algeria | Andorra | Angola | Antigua and Barbuda | Argentina | Armenia | Australia | Austria | Bolivia | Bosnia and Herzegovina | Botswana | Bulgaria | Cambodia | Canada | China | Colombia | Costa Rica | Croatia | Cuba | Dominica | Equatorial Guinea | Eritrea | Estonia | Ethiopia | Federated States of Micronesia | Gambia | Georgia | Ghana | Grenada | Guatemala | Guinea | Guyana | India | Indonesia | Jamaica | Kenya | Latvia | Liberia | Libya | Lithuania | Malaysia | Malta | Mauritania | Moldova | Mongolia | Namibia | Nicaragua | Nigeria | North Korea | North Macedonia | Panama | Papua New Guinea | Romania | Russia | Rwanda | Saint Lucia | Samoa | Saudi Arabia | Serbia | Slovakia | Slovenia | Somalia | South Africa | South Korea | Sri Lanka | Syria | Tanzania | Tonga | Tunisia | Uganda | Venezuela | Zambia
100%
N 25 Afghanistan | Azerbaijan | Bahrain | Benin | Bhutan | Cameroon | Gabon | Iran | Japan | Jordan | Kazakhstan | Kyrgyzstan | Lebanon | Liechtenstein | Oman | Pakistan | South Sudan | Spain | Sudan | Sweden | Taiwan | Tajikistan | Turkmenistan | Uzbekistan | Yemen
88%
D 8 Chad | Finland | Iceland | Ireland | New Zealand | Poland | Switzerland | Thailand
85%
E 12 Belize | Cape Verde | Chile | France | Greece | Mozambique | São Tomé and Príncipe | Sierra Leone | Singapore | Suriname | Ukraine | Zimbabwe
83%
Y 8 Germany | Hungary | Italy | Norway | Paraguay | Turkey | Uruguay | Vatican City
81%
O 12 Burkina Faso | Democratic Republic of the Congo | Kosovo | Lesotho | Mexico | Monaco | Montenegro | Morocco | Republic of the Congo | San Marino | Togo | Trinidad and Tobago
79%
S 18 Bahamas | Barbados | Belarus | Comoros | Cyprus | Honduras | Laos | Maldives | Marshall Islands | Mauritius | Netherlands | Philippines | Saint Kitts and Nevis | Saint Vincent and the Grenadines | Seychelles | Solomon Islands | United Arab Emirates | United States
77%
I 9 Brunei | Burundi | Djibouti | Eswatini | Fiji | Kiribati | Haiti | Malawi | Mali
76%
Q 1 Iraq
73%
L 5 Brazil | Israel | Nepal | Portugal | Senegal
71%
U 6 Guinea-Bissau | Nauru | Palau | Peru | Tuvalu | Vanuatu
68%
R 7 East Timor | Ecuador | El Salvador | Madagascar | Myanmar | Niger | Qatar
66%
M 3 Belgium | United Kingdom | Vietnam
49%
T 3 Egypt | Ivory Coast | Kuwait
39%
K 1 Denmark
38%
C 3 Central African Republic | Czech Republic | Dominican Republic
33%
H 1 Bangladesh
32%
G 1 Luxembourg
29%
No matching quizzes found
Score Distribution
Percent of People with Each Score
Percentile by Number Answered
Your Score History
You have not taken this quiz